[Event "Olimpiada Calviá 2004"]
[Site "Calviá ESP"]
[Date "2004.10.19"]
[Round "5.19"]
[White "Goh, Weiming"]
[Black "Sakalauskas, Vaidas"]
[Result "0-1"]
[WhiteElo "2353"]
[BlackElo "2464"]
[PlyCount "104"]
[EventDate "2004.10.15"]
[EventType "team"]
[EventRounds "14"]
[EventCountry "ESP"]
[Source "lmi"]
[SourceDate "2004.10.27"]

1. e4 e6 2. d4 d5 3. Nc3 Nf6 4. Bg5 Bb4 5. e5 h6 6. Be3 Ne4 7. Qg4 g6 8. a3
Bxc3+ 9. bxc3 c5 10. Bd3 Qa5 11. Ne2 cxd4 12. Bxd4 Nc6 13. O-O Nc5 14. Rfb1
Nxd3 15. cxd3 Qc7 16. c4 dxc4 17. dxc4 Nxd4 18. Qxd4 Bd7 19. Rb3 Rc8 20. Rd3
Bc6 21. Qf4 Qe7 22. Rh3 h5 23. Ng3 Kf8 24. Nf1 Kg7 25. Rd3 Rhd8 26. Rad1 Rxd3
27. Rxd3 Kg8 28. Rd6 Qc7 29. Qd2 Qb6 30. Qb4 Qxb4 31. axb4 a6 32. f4 Kf8 33.
Ne3 Ke7 34. Kf2 f6 35. Nc2 fxe5 36. fxe5 Bd5 37. cxd5 Rxc2+ 38. Ke3 exd5 39.
Rxg6 Rb2 40. Kd4 Rxb4+ 41. Kxd5 Rb5+ 42. Ke4 Rb2 43. h4 a5 44. Kd5 Rb5+ 45. Ke4
a4 46. Kf5 a3 47. Rg7+ Kf8 48. Rc7 Rb6 49. Rc1 a2 50. Ra1 Rb2 51. Ke4 b5 52.
Kd3 b4 0-1

[Event "Olimpiada Calviá 2004"]
[Site "Calviá ESP"]
[Date "2004.10.19"]
[Round "5.20"]
[White "Nisipeanu, Liviu-Dieter"]
[Black "Megaranto, Susanto"]
[Result "1/2-1/2"]
[WhiteElo "2687"]
[BlackElo "2439"]
[PlyCount "61"]
[EventDate "2004.10.15"]
[EventType "team"]
[EventRounds "14"]
[EventCountry "ESP"]
[Source "lmi"]
[SourceDate "2004.10.27"]

1. e4 d5 2. exd5 Qxd5 3. Nc3 Qa5 4. d4 c6 5. Nf3 Nf6 6. Bc4 Bf5 7. Bd2 Qc7 8.
Ne5 e6 9. g4 Be4 10. Rg1 Bd5 11. Qe2 Bxc4 12. Qxc4 Nbd7 13. f4 Nb6 14. Qe2
O-O-O 15. g5 Ne8 16. O-O-O Nd6 17. Ne4 Nf5 18. c3 Bd6 19. Kb1 Kb8 20. Bc1 Rhf8
21. Ng3 c5 22. Nxf5 exf5 23. dxc5 Bxc5 24. Rxd8+ Rxd8 25. Rd1 Rxd1 26. Qxd1 f6
27. gxf6 gxf6 28. Nd3 Bd6 29. Qb3 Qe7 30. Qg8+ Kc7 31. b3 1/2-1/2

[Event "Olimpiada Calviá 2004"]
[Site "Calviá ESP"]
[Date "2004.10.19"]
[Round "5.20"]
[White "Liu, Dede"]
[Black "Nevednichy, Vladislav"]
[Result "0-1"]
[WhiteElo "2397"]
[BlackElo "2552"]
[PlyCount "94"]
[EventDate "2004.10.15"]
[EventType "team"]
[EventRounds "14"]
[EventCountry "ESP"]
[Source "lmi"]
[SourceDate "2004.10.27"]

1. c4 g6 2. Nc3 Bg7 3. g3 e5 4. Bg2 d6 5. e4 Nc6 6. Nge2 Be6 7. Nd5 Qd7 8. O-O
h5 9. h4 f5 10. d3 Nh6 11. Bg5 O-O 12. Qd2 Kh7 13. f3 Rf7 14. b4 Raf8 15. Kh2
Nd8 16. Rad1 c6 17. Ne3 f4 18. Nc2 c5 19. b5 Qe8 20. Kh1 fxg3 21. Nxg3 Bd7 22.
Ne3 Ne6 23. Nd5 Ng8 24. Ne2 Nf6 25. Ne3 Ng8 26. Nd5 Nf6 27. Ne3 Kg8 28. f4 exf4
29. Nxf4 Nh7 30. Nxe6 Bxe6 31. Rxf7 Rxf7 32. Nd5 Bxd5 33. exd5 Nxg5 34. Qxg5
Qe2 35. Rg1 Qxd3 36. Re1 Kh7 37. Qe3 Qxc4 38. Be4 Rf1+ 39. Kg2 Rxe1 40. Qxe1
Qxa2+ 41. Kh1 Qa1 42. Bb1 Qe5 43. Qd2 Qg3 44. Qd3 Qxd3 45. Bxd3 Bf6 46. Kg2
Bxh4 47. Kf3 Kg7 0-1

[Event "Olimpiada Calviá 2004"]
[Site "Calviá ESP"]
[Date "2004.10.19"]
[Round "5.20"]
[White "Marin, Mihail"]
[Black "Purnama, Tirta Chandra"]
[Result "1/2-1/2"]
[WhiteElo "2511"]
[BlackElo "2286"]
[PlyCount "124"]
[EventDate "2004.10.15"]
[EventType "team"]
[EventRounds "14"]
[EventCountry "ESP"]
[Source "lmi"]
[SourceDate "2004.10.27"]

1. c4 Nf6 2. Nf3 c6 3. Nc3 d5 4. d4 e6 5. g3 Nbd7 6. Qb3 Bd6 7. Bg2 O-O 8. O-O
a6 9. Rd1 b5 10. c5 Bc7 11. e4 h6 12. e5 Nh7 13. a4 Rb8 14. Ne2 f6 15. exf6
Qxf6 16. Bf4 Bxf4 17. Nxf4 Ng5 18. Ne5 bxa4 19. Qxa4 Nxe5 20. dxe5 Qf5 21. Qd4
Rb3 22. Ra3 Rxa3 23. bxa3 Qg4 24. h3 Qf5 25. Re1 Nh7 26. Qe3 Rf7 27. Bf1 Ng5
28. Bg2 Nh7 29. Ne2 Qc2 30. Nd4 Qxc5 31. Rc1 Qa7 32. Rxc6 Rc7 33. Rxc7 Qxc7 34.
h4 Nf8 35. Bh3 Qb6 36. Qc3 Qb1+ 37. Bf1 Bd7 38. Kg2 Qe4+ 39. Nf3 Bb5 40. Bxb5
axb5 41. Qd4 Qc2 42. h5 Nd7 43. Qa7 Nf8 44. Qe7 Qe4 45. Qd6 Qd3 46. Nh4 Qe4+
47. Nf3 Qd3 48. Qb4 Nd7 49. Qe7 Nf8 50. Qe8 Qc4 51. Qd8 Qe4 52. Qb8 Qd3 53. Qa7
Qe4 54. Qc5 Qd3 55. Qb4 Nd7 56. Qd6 Nf8 57. Qe7 Qe4 58. Qa7 Qd3 59. Qa8 Qe4 60.
Qa6 Qc4 61. Qa7 Qe4 62. Qc5 Qd3 1/2-1/2

[Event "Olimpiada Calviá 2004"]
[Site "Calviá ESP"]
[Date "2004.10.19"]
[Round "5.20"]
[White "Halay, Taufik"]
[Black "Grigore, George-Gabriel"]
[Result "0-1"]
[WhiteElo "2264"]
[BlackElo "2491"]
[PlyCount "110"]
[EventDate "2004.10.15"]
[EventType "team"]
[EventRounds "14"]
[EventCountry "ESP"]
[Source "lmi"]
[SourceDate "2004.10.27"]

1. d4 Nf6 2. c4 g6 3. Nc3 Bg7 4. e4 d6 5. Nf3 O-O 6. Be2 e5 7. O-O Nh5 8. dxe5
dxe5 9. Qxd8 Rxd8 10. Nd5 Na6 11. c5 Nxc5 12. Nxc7 Rb8 13. Be3 b6 14. Ng5 h6
15. b4 Na4 16. Nf3 Nc3 17. Rfe1 Bb7 18. Nb5 Nxe2+ 19. Rxe2 Bxe4 20. Ne1 a6 21.
Nc7 Bb7 22. Bxb6 Nf4 23. Re3 Rd6 24. Ba5 e4 25. Rb1 Bd4 26. b5 Bc6 27. Bb4 Rf6
28. Kh1 axb5 29. Bc3 Bxc3 30. Rxc3 Rb7 31. Na6 Ne2 32. Rc2 Rxf2 33. h3 Ng3+ 34.
Kh2 Rxc2 35. Nxc2 Ne2 36. Rb2 Rb6 37. Nc5 Nf4 38. Nb4 e3 39. g3 e2 40. Rb1 Nd5
41. a3 Nxb4 42. axb4 Rb8 43. Re1 Re8 44. Nd3 Bd5 45. Nf4 Bc4 46. Kg1 Re3 47.
Kf2 Rb3 48. Nxe2 Rxb4 49. Nf4 Rb2+ 50. Kf3 Kf8 51. h4 Rc2 52. g4 b4 53. g5 h5
54. Ke4 b3 55. Kd4 b2 0-1

[Event "Olimpiada Calviá 2004"]
[Site "Calviá ESP"]
[Date "2004.10.19"]
[Round "5.21"]
[White "Johannessen, Leif Erlend"]
[Black "San Segundo, Carrillo Pablo"]
[Result "1/2-1/2"]
[WhiteElo "2519"]
[BlackElo "2516"]
[PlyCount "44"]
[EventDate "2004.10.15"]
[EventType "team"]
[EventRounds "14"]
[EventCountry "ESP"]
[Source "lmi"]
[SourceDate "2004.10.27"]

1. d4 d5 2. c4 e6 3. Nf3 Nf6 4. g3 Bb4+ 5. Bd2 Be7 6. Bg2 O-O 7. O-O c6 8. Qb3
Nbd7 9. Bf4 b6 10. Nc3 Bb7 11. cxd5 cxd5 12. Rac1 Ne8 13. Rfd1 Nd6 14. Ne5 Qe8
15. a4 Rc8 16. Nb5 Nxb5 17. axb5 Nxe5 18. Bxe5 Qd7 19. Ra1 Ra8 20. Bf1 Rfc8 21.
Rdc1 Rxc1 22. Rxc1 Bd8 1/2-1/2

[Event "Olimpiada Calviá 2004"]
[Site "Calviá ESP"]
[Date "2004.10.19"]
[Round "5.21"]
[White "Perez Candelario, Manuel"]
[Black "Ostenstad, Berge"]
[Result "1-0"]
[WhiteElo "2474"]
[BlackElo "2506"]
[PlyCount "75"]
[EventDate "2004.10.15"]
[EventType "team"]
[EventRounds "14"]
[EventCountry "ESP"]
[Source "lmi"]
[SourceDate "2004.10.27"]

1. e4 e6 2. d4 d5 3. Nd2 c5 4. exd5 Qxd5 5. Ngf3 cxd4 6. Bc4 Qd6 7. O-O Nf6 8.
Nb3 Nc6 9. Nbxd4 Nxd4 10. Nxd4 a6 11. Bb3 Qc7 12. Qf3 Bd6 13. Kh1 O-O 14. Bg5
Nd7 15. c3 Ne5 16. Qh5 Ng6 17. Bc2 h6 18. Be3 Nf4 19. Qf3 Nd5 20. Bd2 b6 21.
Rad1 Bb7 22. Qe4 Nf6 23. Qh4 Qe7 24. Bxh6 gxh6 25. Qxh6 Ne4 26. Bxe4 Bxe4 27.
Rfe1 Bh7 28. Re3 Rac8 29. f4 Kh8 30. f5 Rg8 31. Rh3 f6 32. Nxe6 Be5 33. Rhd3
Qb7 34. R1d2 Rc7 35. Rd8 Rcg7 36. Nxg7 Qxg7 37. Rxg8+ Qxg8 38. Rd7 1-0

[Event "Olimpiada Calviá 2004"]
[Site "Calviá ESP"]
[Date "2004.10.19"]
[Round "5.21"]
[White "Lie, Kjetil A"]
[Black "Herraiz Hidalgo, Herminio"]
[Result "1-0"]
[WhiteElo "2474"]
[BlackElo "2474"]
[PlyCount "111"]
[EventDate "2004.10.15"]
[EventType "team"]
[EventRounds "14"]
[EventCountry "ESP"]
[Source "lmi"]
[SourceDate "2004.10.27"]

1. c4 g6 2. g3 Bg7 3. Bg2 e5 4. Nc3 d6 5. e4 Nc6 6. Nge2 f5 7. d3 Nf6 8. O-O
O-O 9. Nd5 Ne7 10. Nxf6+ Bxf6 11. d4 c6 12. dxe5 dxe5 13. Qc2 Qc7 14. Bh6 Rd8
15. f4 Qa5 16. Nc3 Qc5+ 17. Kh1 Qxc4 18. fxe5 Bxe5 19. Bg5 Qc5 20. Qb3+ Kg7 21.
exf5 gxf5 22. Na4 Qd6 23. Rad1 Qc7 24. Rxd8 Qxd8 25. Qe3 Bf6 26. Bxf6+ Kxf6 27.
Nc5 Kf7 28. Re1 Ng6 29. Nxb7 Qe7 30. Qc3 Qf6 31. Qb3+ Kg7 32. Na5 Ba6 33. Re6
Qd4 34. Nxc6 Qd2 35. h4 Rf8 36. Qe3 Qxe3 37. Rxe3 f4 38. Ra3 Bc4 39. h5 Nh8 40.
Ne5 Be2 41. Rxa7+ Kh6 42. Be4 Kxh5 43. Rxh7+ Kg5 44. Kg2 fxg3 45. Kxg3 Re8 46.
Nf3+ Kf6 47. Rh6+ Kg7 48. Rh7+ Kf6 49. Rh6+ Kg7 50. Rh4 Nf7 51. Rg4+ Kf6 52.
Rf4+ Ke7 53. Bg6 Rg8 54. Rxf7+ Ke6 55. Nd4+ Ke5 56. Nxe2 1-0

[Event "Olimpiada Calviá 2004"]
[Site "Calviá ESP"]
[Date "2004.10.19"]
[Round "5.21"]
[White "Alcazar Jimenez, Victor"]
[Black "Elsness, Frode"]
[Result "1-0"]
[WhiteElo "2412"]
[BlackElo "2425"]
[PlyCount "92"]
[EventDate "2004.10.15"]
[EventType "team"]
[EventRounds "14"]
[EventCountry "ESP"]
[Source "lmi"]
[SourceDate "2004.10.27"]

1. e4 e5 2. Nf3 Nc6 3. Nc3 Nf6 4. d4 exd4 5. Nxd4 Bb4 6. Nxc6 bxc6 7. Bd3 d5 8.
exd5 cxd5 9. O-O O-O 10. Bg5 Be6 11. Qf3 Be7 12. Rfe1 Rb8 13. Rab1 Qd7 14. h3
c5 15. b3 d4 16. Ne4 Nd5 17. Qh5 g6 18. Qf3 Bxg5 19. Nxg5 Nc3 20. Ra1 Bd5 21.
Qf4 Rbe8 22. a4 Qb7 23. f3 h6 24. Ne4 Bxe4 25. fxe4 Kg7 26. e5 Qe7 27. Bb5 Nd5
28. Qg3 Rd8 29. Rad1 Ne3 30. Rd2 Rb8 31. c3 Rfd8 32. cxd4 cxd4 33. e6 Qxe6 34.
Rxd4 Rxd4 35. Qxb8 Qe4 36. Qg3 Rd1 37. Rxd1 Nxd1 38. Qf3 Qd4+ 39. Kh2 Ne3 40.
Kh1 h5 41. Qc6 Nf5 42. Qc4 Ng3+ 43. Kh2 Qe5 44. Kg1 h4 45. Qc1 Kh7 46. Kf2 Kg7
1-0

[Event "Olimpiada Calviá 2004"]
[Site "Calviá ESP"]
[Date "2004.10.19"]
[Round "5.22"]
[White "Lane, Gary W"]
[Black "Gonzalez Zamora, Juan Carlo"]
[Result "0-1"]
[WhiteElo "2442"]
[BlackElo "2524"]
[PlyCount "66"]
[EventDate "2004.10.15"]
[EventType "team"]
[EventRounds "14"]
[EventCountry "ESP"]
[Source "lmi"]
[SourceDate "2004.10.27"]

1. e4 c5 2. Nf3 e6 3. d4 cxd4 4. Nxd4 a6 5. Bd3 Bc5 6. Nb3 Ba7 7. Qe2 Nc6 8.
Be3 d6 9. f4 Nge7 10. O-O O-O 11. c4 Bxe3+ 12. Qxe3 d5 13. N1d2 d4 14. Qg3 e5
15. f5 f6 16. c5 Kh8 17. Nc4 Bd7 18. Rf3 a5 19. Nd6 Nc8 20. Qh4 Nxd6 21. cxd6
b6 22. g4 Be8 23. Kh1 Qxd6 24. g5 fxg5 25. Qxg5 Qf6 26. Qg4 Nb4 27. Nd2 Nxd3
28. Rxd3 Rc8 29. Nf3 g6 30. fxg6 Bxg6 31. Nh4 Qc6 32. Re1 Bxe4+ 33. Rxe4 Rf4
0-1

[Event "Olimpiada Calviá 2004"]
[Site "Calviá ESP"]
[Date "2004.10.19"]
[Round "5.22"]
[White "Gonzalez Garcia, Jose"]
[Black "Solomon, Stephen J"]
[Result "1-0"]
[WhiteElo "2447"]
[BlackElo "2435"]
[PlyCount "101"]
[EventDate "2004.10.15"]
[EventType "team"]
[EventRounds "14"]
[EventCountry "ESP"]
[Source "lmi"]
[SourceDate "2004.10.27"]

1. d4 d5 2. c4 e6 3. Nc3 c6 4. Nf3 dxc4 5. a4 Bb4 6. e3 b5 7. Bd2 a5 8. axb5
Bxc3 9. Bxc3 cxb5 10. b3 Bb7 11. bxc4 b4 12. Bb2 Nf6 13. Bd3 Nbd7 14. O-O O-O
15. Nd2 Re8 16. f4 Nc5 17. Bc2 Nce4 18. Nf3 Qc7 19. Ne5 Nd7 20. Qh5 Nf8 21.
Rfc1 f6 22. Nf3 Ng6 23. Ba4 Re7 24. f5 exf5 25. Bb3 Qd7 26. d5 a4 27. Bc2 a3
28. Bd4 f4 29. Bb3 fxe3 30. g3 f5 31. Ra2 Ra6 32. Re2 Nc3 33. Bxc3 bxc3 34.
Rxc3 Nf4 35. gxf4 Rh6 36. Ne5 Rxe5 37. Qf3 Re4 38. Rcxe3 Rg6+ 39. Kf1 Rb6 40.
Rxe4 fxe4 41. Rxe4 h6 42. Qe3 Rf6 43. Ke1 Qc7 44. Kd1 Rf8 45. Re7 Qc8 46. Kd2
a2 47. Qe5 Qg4 48. Bxa2 Rxf4 49. Rxg7+ Qxg7 50. Qxf4 Bxd5 51. Qb8+ 1-0

[Event "Olimpiada Calviá 2004"]
[Site "Calviá ESP"]
[Date "2004.10.19"]
[Round "5.22"]
[White "Zhao, Zong-Yuan"]
[Black "Almeida Saenz, Alfonso"]
[Result "1/2-1/2"]
[WhiteElo "2410"]
[BlackElo "2388"]
[PlyCount "92"]
[EventDate "2004.10.15"]
[EventType "team"]
[EventRounds "14"]
[EventCountry "ESP"]
[Source "lmi"]
[SourceDate "2004.10.27"]

1. e4 c5 2. Nf3 d6 3. d4 cxd4 4. Nxd4 Nf6 5. Nc3 g6 6. Be3 Bg7 7. f3 Nc6 8. Qd2
Bd7 9. O-O-O h5 10. Kb1 a6 11. f4 b5 12. Bd3 Ng4 13. Nxc6 Bxc6 14. Bg1 Qa5 15.
e5 b4 16. Be4 bxc3 17. Bxc6+ Kf8 18. Qd5 Qxd5 19. Bxd5 Rb8 20. b3 dxe5 21. Ba7
Rb4 22. h3 Nh6 23. Bc4 Bf6 24. Rd7 exf4 25. a3 Rxc4 26. bxc4 Kg7 27. c5 Rc8 28.
Bb6 Nf5 29. Rc7 Rb8 30. a4 a5 31. Ka2 Ne3 32. Rb1 Nxc2 33. Bxa5 Ra8 34. Bb6 Nd4
35. a5 c2 36. Rc1 e5 37. c6 f3 38. gxf3 Bg5 39. Kb2 Bxc1+ 40. Kxc1 Nb3+ 41.
Kxc2 Nxa5 42. Kc3 Nxc6 43. Rxc6 Ra3+ 44. Kd2 Rxf3 45. h4 Rf6 46. Rxf6 Kxf6
1/2-1/2

[Event "Olimpiada Calviá 2004"]
[Site "Calviá ESP"]
[Date "2004.10.19"]
[Round "5.25"]
[White "Brittner, Serge"]
[Black "Georgiev, Vladimir"]
[Result "0-1"]
[WhiteElo "2291"]
[BlackElo "2512"]
[PlyCount "146"]
[EventDate "2004.10.15"]
[EventType "team"]
[EventRounds "14"]
[EventCountry "ESP"]
[Source "lmi"]
[SourceDate "2004.10.27"]

1. d4 Nf6 2. c4 e6 3. Nc3 Bb4 4. Qc2 O-O 5. a3 Bxc3+ 6. Qxc3 d6 7. Bg5 Nbd7 8.
e3 b6 9. Bd3 c5 10. Ne2 Ba6 11. b4 Rc8 12. dxc5 bxc5 13. b5 Bb7 14. O-O h6 15.
Bh4 Qe7 16. a4 Ne5 17. Rfd1 Rfd8 18. Bc2 Ba8 19. e4 Ng6 20. Bxf6 Qxf6 21. Qxf6
gxf6 22. f4 Kf8 23. Kf2 h5 24. Ke3 h4 25. a5 Rb8 26. Nc3 Ne7 27. Rab1 f5 28.
exf5 d5 29. Na4 exf5 30. b6 axb6 31. axb6 d4+ 32. Kf2 Rdc8 33. Re1 Rc6 34. Re5
Rg6 35. g3 hxg3+ 36. hxg3 Rh6 37. Bd3 Rh2+ 38. Ke1 Rh1+ 39. Bf1 Be4 40. Rxe4
fxe4 41. Nxc5 Kg7 42. Nxe4 Nc6 43. Kf2 Rbh8 44. Rb5 R8h2+ 45. Bg2 Rc1 46. Rb2
d3 47. Rd2 Rxc4 48. Ng5 Rc2 49. Nf3 Rh8 50. Ke3 Re8+ 51. Kxd3 Nb4+ 52. Kd4 Rd8+
53. Ke3 Nd5+ 54. Kf2 Rxd2+ 55. Nxd2 Nxb6 56. Ne4 Nc4 57. Bf1 Na3 58. Be2 Nc2
59. Ng5 Rd2 60. Nf3 Rd5 61. Bc4 Rc5 62. Bd3 Nb4 63. Be2 Nd5 64. Bd3 Rc3 65. Ke2
Ra3 66. Bc4 Nc3+ 67. Kd3 Nb1+ 68. Ke2 Rxf3 69. Bd3 Rxd3 70. Kxd3 f5 71. g4 fxg4
72. f5 Nc3 73. Ke3 Nd5+ 0-1

[Event "Olimpiada Calviá 2004"]
[Site "Calviá ESP"]
[Date "2004.10.19"]
[Round "5.25"]
[White "Wagener, Claude"]
[Black "Vasovski, Nikola"]
[Result "1/2-1/2"]
[WhiteElo "2242"]
[BlackElo "2324"]
[PlyCount "66"]
[EventDate "2004.10.15"]
[EventType "team"]
[EventRounds "14"]
[EventCountry "ESP"]
[Source "lmi"]
[SourceDate "2004.10.27"]

1. e4 c5 2. Nf3 e6 3. Nc3 a6 4. d4 cxd4 5. Nxd4 Qc7 6. Bd3 Nf6 7. O-O b5 8. Qe2
Bd6 9. Kh1 Bf4 10. a4 b4 11. Na2 Bxc1 12. Raxc1 Qb6 13. Nb3 Nc6 14. Nd2 O-O 15.
Nc4 Qc5 16. Rce1 d5 17. Nd2 Bb7 18. e5 Nd7 19. f4 f5 20. exf6 Rxf6 21. Qg4 Qd6
22. Nf3 h6 23. Ne5 Ncxe5 24. fxe5 Rxf1+ 25. Bxf1 Nxe5 26. Qxb4 Qxb4 27. Nxb4 a5
28. Rxe5 axb4 29. Rxe6 Rxa4 30. Kg1 b3 31. cxb3 Rb4 32. Re3 d4 33. Rd3 Bd5
1/2-1/2

[Event "Olimpiada Calviá 2004"]
[Site "Calviá ESP"]
[Date "2004.10.19"]
[Round "5.26"]
[White "Prasca, Raphael"]
[Black "Berkes, Ferenc"]
[Result "1/2-1/2"]
[WhiteElo "2396"]
[BlackElo "2630"]
[PlyCount "112"]
[EventDate "2004.10.15"]
[EventType "team"]
[EventRounds "14"]
[EventCountry "ESP"]
[Source "lmi"]
[SourceDate "2004.10.27"]

1. e4 d6 2. d4 Nf6 3. Nc3 g6 4. Nf3 Bg7 5. Bc4 c6 6. O-O O-O 7. e5 Ne8 8. h3 b6
9. Ne2 Ba6 10. Bxa6 Nxa6 11. Qd3 Nec7 12. Bf4 Nb4 13. Qd2 Nbd5 14. Bh6 b5 15.
Ng3 Qd7 16. Rfe1 f6 17. Re4 Ne6 18. Bxg7 Kxg7 19. Rh4 g5 20. exf6+ exf6 21. Re4
Nef4 22. c3 f5 23. Ree1 h6 24. b3 Rae8 25. c4 bxc4 26. bxc4 Nf6 27. Qc2 Ne4 28.
Nxe4 fxe4 29. Rxe4 Nxh3+ 30. gxh3 Rxf3 31. Rxe8 Qxe8 32. Rb1 Rf7 33. Kg2 Qe6
34. Rb3 Qf6 35. d5 cxd5 36. cxd5 Qe5 37. Qd3 h5 38. Rb4 Qf6 39. Qe3 Qe5 40. Rd4
a5 41. Rd2 Qf4 42. Qc3+ Kg6 43. Re2 Rf6 44. Qd3+ Kh6 45. Qe4 Kg7 46. Qxf4 Rxf4
47. Re7+ Kg6 48. Rd7 Rf6 49. Ra7 Kf5 50. Rxa5 Ke5 51. Ra8 h4 52. a4 Rf5 53. a5
Kxd5 54. a6 Kc6 55. a7 Kb7 56. Rd8 Kxa7 1/2-1/2

[Event "Olimpiada Calviá 2004"]
[Site "Calviá ESP"]
[Date "2004.10.19"]
[Round "5.26"]
[White "Gyimesi, Zoltan"]
[Black "Ostos, Julio"]
[Result "1-0"]
[WhiteElo "2613"]
[BlackElo "2332"]
[PlyCount "119"]
[EventDate "2004.10.15"]
[EventType "team"]
[EventRounds "14"]
[EventCountry "ESP"]
[Source "lmi"]
[SourceDate "2004.10.27"]

1. d4 Nf6 2. c4 c5 3. d5 g6 4. Nc3 Bg7 5. e4 O-O 6. Bg5 d6 7. h3 b5 8. cxb5 a6
9. a4 Qa5 10. Bd2 axb5 11. Bxb5 Ba6 12. Ra3 Nbd7 13. Nf3 Bxb5 14. Nxb5 Qb6 15.
Qc2 Rfb8 16. O-O Ne8 17. Rb1 Qa6 18. Bc3 Nb6 19. Bxg7 Kxg7 20. Nd2 Qa5 21. b3
Nf6 22. Raa1 Qb4 23. Re1 Nfd7 24. Rac1 Rb7 25. Re3 Nc8 26. f4 Na7 27. Qc3+ Qxc3
28. Nxc3 Rb4 29. Na2 Rb7 30. e5 Nb5 31. exd6 exd6 32. axb5 Rxa2 33. Nc4 Nf6 34.
Rd1 Rxb5 35. Nxd6 Rba5 36. Nc4 Ra7 37. Red3 Kf8 38. d6 Nd7 39. Re1 Ra1 40. Rde3
Nf6 41. Kh2 Rxe1 42. Rxe1 Rb7 43. Re3 Nd5 44. Rd3 Nf6 45. g4 Nd7 46. Re3 Nb8
47. f5 gxf5 48. gxf5 f6 49. Re6 Kf7 50. Ne3 Rxb3 51. Re7+ Kf8 52. Nd5 Rd3 53.
d7 Nc6 54. Re8+ Kf7 55. d8=Q Nxd8 56. Rxd8 Rd2+ 57. Kg3 c4 58. Rd7+ Kf8 59.
Nxf6 c3 60. Rc7 1-0

[Event "Olimpiada Calviá 2004"]
[Site "Calviá ESP"]
[Date "2004.10.19"]
[Round "5.26"]
[White "Soto Paez, Oliver"]
[Black "Varga, Zoltan"]
[Result "1/2-1/2"]
[WhiteElo "2288"]
[BlackElo "2538"]
[PlyCount "131"]
[EventDate "2004.10.15"]
[EventType "team"]
[EventRounds "14"]
[EventCountry "ESP"]
[Source "lmi"]
[SourceDate "2004.10.27"]

1. e4 c5 2. Nf3 Nc6 3. Bb5 Na5 4. Nc3 e6 5. O-O a6 6. Be2 b5 7. d4 Bb7 8. dxc5
Bxc5 9. Bf4 Rc8 10. Bd3 Ne7 11. e5 Ng6 12. Bg3 Nc4 13. Bxc4 bxc4 14. Nd2 h5 15.
h3 h4 16. Bh2 Qg5 17. Nde4 Qf5 18. Nxc5 Rxc5 19. f4 Rc8 20. Rf2 Ne7 21. Qd4 Qg6
22. Rd2 Bc6 23. Re1 O-O 24. Qf2 Nf5 25. Nd1 f6 26. exf6 Qxf6 27. c3 Qg6 28. Re5
d6 29. Re1 e5 30. fxe5 Ng3 31. Qd4 Ne4 32. Rde2 Ng5 33. Qxc4+ Rf7 34. Qg4 Rcf8
35. e6 Rf4 36. Bxf4 Rxf4 37. e7 Rxg4 38. e8=Q+ Bxe8 39. Rxe8+ Kh7 40. hxg4 Qf7
41. Nf2 Qxa2 42. R8e2 Qc4 43. Ne4 Nf7 44. Rf2 Kg6 45. Rd2 Qe6 46. Rde2 Qxg4 47.
Nxd6 Ng5 48. Kh1 h3 49. gxh3 Qxh3+ 50. Rh2 Qg3 51. Re6+ Nxe6 52. Rg2 Qg5 53.
Ne4 Qxg2+ 54. Kxg2 Kf5 55. Nd2 Kf4 56. Kf2 Nc5 57. b4 Ne4+ 58. Nxe4 Kxe4 59. c4
Kd4 60. c5 Kd5 61. Kg3 a5 62. bxa5 Kxc5 63. Kg4 Kb5 64. Kg5 Kxa5 65. Kg6 Kb6
66. Kxg7 1/2-1/2

[Event "Olimpiada Calviá 2004"]
[Site "Calviá ESP"]
[Date "2004.10.19"]
[Round "5.26"]
[White "Acs, Peter"]
[Black "Blanco, Cristobal J"]
[Result "1-0"]
[WhiteElo "2521"]
[BlackElo "2269"]
[PlyCount "109"]
[EventDate "2004.10.15"]
[EventType "team"]
[EventRounds "14"]
[EventCountry "ESP"]
[Source "lmi"]
[SourceDate "2004.10.27"]

1. d4 d5 2. c4 c6 3. Nf3 Nf6 4. Nc3 dxc4 5. a4 Bf5 6. e3 e6 7. Bxc4 Bb4 8. O-O
Nbd7 9. Qe2 Bg4 10. h3 Bxf3 11. Qxf3 O-O 12. Rd1 Qa5 13. Bd2 Rae8 14. Be1 e5
15. Bf1 e4 16. Qe2 Kh8 17. Qc2 Nb6 18. Ne2 Nfd5 19. Bxb4 Nxb4 20. Qd2 f5 21.
Nf4 N6d5 22. Nxd5 cxd5 23. Ra3 Re6 24. Rc1 Rc6 25. Rb3 Rxc1 26. Qxc1 Nd3 27.
Bxd3 exd3 28. Rxd3 Qxa4 29. Ra3 Qd7 30. Rxa7 Rc8 31. Qd2 h6 32. Qb4 Rc1+ 33.
Kh2 Rc7 34. Qf8+ Kh7 35. Ra8 Rc2 36. Rd8 Qe6 37. Rd6 Qc8 38. Qxc8 Rxc8 39. Rxd5
Rc2 40. Rxf5 Rxb2 41. Kg3 Kg6 42. Rf8 b5 43. f4 b4 44. f5+ Kh7 45. Rb8 h5 46.
d5 Kh6 47. e4 Kg5 48. h4+ Kf6 49. d6 Rd2 50. Kf4 Kf7 51. e5 Rd4+ 52. Kg5 g6 53.
e6+ Kg7 54. f6+ Kh7 55. Rb7+ 1-0

[Event "Olimpiada Calviá 2004"]
[Site "Calviá ESP"]
[Date "2004.10.19"]
[Round "5.27"]
[White "Agrest, Evgenij"]
[Black "Stefansson, Hannes"]
[Result "1/2-1/2"]
[WhiteElo "2604"]
[BlackElo "2549"]
[PlyCount "59"]
[EventDate "2004.10.15"]
[EventType "team"]
[EventRounds "14"]
[EventCountry "ESP"]
[Source "lmi"]
[SourceDate "2004.10.27"]

1. e4 e5 2. Nf3 Nc6 3. Bb5 Nf6 4. d3 d6 5. O-O g6 6. c3 Bg7 7. Re1 O-O 8. Nbd2
Nh5 9. Nf1 Bd7 10. Ba4 Qe8 11. Bc2 f5 12. exf5 gxf5 13. d4 Kh8 14. Ng3 Nxg3 15.
hxg3 Qh5 16. dxe5 Nxe5 17. Nxe5 Qxd1 18. Nf7+ Rxf7 19. Bxd1 Bf6 20. Bh5 Re7 21.
Bh6 Be6 22. a3 Kg8 23. Rad1 Bf7 24. Bf3 Rxe1+ 25. Rxe1 c6 26. g4 fxg4 27. Bxg4
d5 28. Be3 a6 29. Kf1 Kg7 30. Rd1 1/2-1/2

[Event "Olimpiada Calviá 2004"]
[Site "Calviá ESP"]
[Date "2004.10.19"]
[Round "5.27"]
[White "Olafsson, Helgi"]
[Black "Hellsten, Johan"]
[Result "1/2-1/2"]
[WhiteElo "2531"]
[BlackElo "2564"]
[PlyCount "77"]
[EventDate "2004.10.15"]
[EventType "team"]
[EventRounds "14"]
[EventCountry "ESP"]
[Source "lmi"]
[SourceDate "2004.10.27"]

1. d4 Nf6 2. c4 e6 3. Nc3 Bb4 4. Qc2 c5 5. dxc5 O-O 6. a3 Bxc5 7. Nf3 b6 8. Bg5
Bb7 9. e4 h6 10. Bh4 Be7 11. O-O-O Nc6 12. e5 Nh5 13. Bg3 Rc8 14. Bd3 Na5 15.
Qe2 f6 16. exf6 Bxf6 17. Nb5 Bd5 18. Nd2 Nxg3 19. hxg3 Rc5 20. Kb1 Nxc4 21.
Bxc4 Bxc4 22. Nxc4 Rxb5 23. Rd6 Qc7 24. Rd2 Rc5 25. Nd6 Qc6 26. Rhd1 Be7 27. f4
Bxd6 28. Rxd6 Rc1+ 29. Ka2 Qc2 30. R6d2 Qb1+ 31. Kb3 Rxd1 32. Rxd1 Qg6 33. Rxd7
Qxg3+ 34. Ka2 Rf6 35. Qe4 a5 36. Rd8+ Kf7 37. Rd7+ Kg8 38. Rd8+ Kf7 39. Rd7+
1/2-1/2

[Event "Olimpiada Calviá 2004"]
[Site "Calviá ESP"]
[Date "2004.10.19"]
[Round "5.27"]
[White "Berg, Emanuel"]
[Black "Thorhallsson, Throstur"]
[Result "1-0"]
[WhiteElo "2529"]
[BlackElo "2460"]
[PlyCount "70"]
[EventDate "2004.10.15"]
[EventType "team"]
[EventRounds "14"]
[EventCountry "ESP"]
[Source "lmi"]
[SourceDate "2004.10.27"]

1. e4 c5 2. Nf3 d6 3. d4 cxd4 4. Nxd4 Nf6 5. Nc3 Nc6 6. Bc4 Qb6 7. Ndb5 a6 8.
Be3 Qa5 9. Nd4 e6 10. O-O Qc7 11. Bb3 Be7 12. f4 Na5 13. Qf3 Nxb3 14. cxb3 b5
15. Rac1 Qb7 16. b4 Bd7 17. e5 Qxf3 18. gxf3 dxe5 19. fxe5 Nh5 20. Ne4 Bxb4 21.
Rc7 f6 22. Rd1 Rd8 23. Nb3 fxe5 24. Bc5 Bxc5+ 25. Nbxc5 O-O 26. Rdxd7 Rxd7 27.
Nxd7 Rd8 28. Nxe5 h6 29. Nd7 Nf4 30. Nec5 a5 31. Ra7 Rc8 32. Rxa5 Rc6 33. Ra8+
Kh7 34. Nf8+ Kg8 35. Nfxe6+ Kh7 1-0